L'Estatut d'Autonomia a les constituents de la República
Publicado:
[Barcelona] :
Generalitat de Catalunya. Departament de Governació. Oficina de Madrid ,
1932
Descripción Física:
6 v. : mecanografiats ; 32 cm
Otros Autores:
Catalunya. Oficina de Madrid
Materias:
Catalunya. -- Estatut (1932)
MARC
| LEADER | 00000nam a2200000Ia 4500 | ||
|---|---|---|---|
| 001 | 8826, 8827, 8828, 8829, 8830, 8831 | ||
| 008 | 160829s1932 - 1933 xx 000 0 cat d | ||
| 080 | |a FOL-1-197, FOL-1-198, FOL-1-199, FOL-1-200, FOL-1-201, FOL-1-202 | ||
| 100 | |a Catalunya. Estatut (1932) | ||
| 245 | |a L'Estatut d'Autonomia a les constituents de la República | ||
| 260 | |a [Barcelona] : |b Generalitat de Catalunya. Departament de Governació. Oficina de Madrid, |c 1932 - 1933 | ||
| 300 | |a 6 v. : |b mecanografiats ; |c 32 cm | ||
| 590 | |a Aquesta obra és continuació de: 'La intervenció dels representants de Catalunya en la constitució de la República' | ||
| 610 | 1 | 0 | |a Catalunya. |t Estatut (1932) |9 54030 |
| 700 | |a Catalunya. Oficina de Madrid |9 33244 | ||
| 866 | |a V. 1 (X), v. 2 (XI), v. 3 (XII), v. 4 (XIII), v. 5 (XIV), v. 6 (XV) | ||
| 901 | |a Arxiu | ||
| 942 | |n 1 | ||
| 952 | |0 0 |1 0 |4 0 |6 FOL1197_FOL1198_FOL1199_FOL1200_FOL1201_FOL1202 |7 1 |9 48424 |a Arxiu |b Arxiu |d 2016-12-01 |l 0 |o FOL-1-197, FOL-1-198, FOL-1-199, FOL-1-200, FOL-1-201, FOL-1-202 |p 8826, 8827, 8828, 88 |r 2016-12-01 00:00:00 |w 2016-12-01 |y ARXIU | ||
| 999 | |c 52252 |d 52252 | ||